| 000 | 00736nam a22002537a 4500 | ||
|---|---|---|---|
| 003 | dpl | ||
| 005 | 20180522160537.0 | ||
| 008 | 180522b xxu||||| |||| 00| 0 eng d | ||
| 010 | _aA-943806 | ||
| 020 |
_c600.00 _a8170249686 |
||
| 035 | _aA-943806, A-943810 | ||
| 037 | _bCen Lib/Ret | ||
| 040 |
_aDPL _bEN _c0 |
||
| 082 |
_a921 _bCHI |
||
| 100 |
_aChitkara, M.G. _92223 |
||
| 245 |
_aMother Teresa / _cby M.G. Chitkara |
||
| 260 |
_aNew Delhi _bAPH publishing corporation _c1998 |
||
| 270 |
_bNew Delhi _a5, Ansari road _e110002 |
||
| 300 |
_axix,331p. _c22cm(Hb) |
||
| 500 | _aincludes appendix and index | ||
| 650 |
_aBiography _97490 |
||
| 650 |
_aSocial reformer _99391 |
||
| 942 |
_2ddc _cEN _h921 _mCHI |
||
| 999 |
_c134146 _d134146 |
||